[Event "4th ch-Asia"]
[Site "Doha"]
[Date "2003.02.22"]
[Round "1"]
[White "Sundararajan, Kidambi"]
[Black "Adianto, Utut"]
[Result "0-1"]
[WhiteElo "2416"]
[BlackElo "2562"]
[PlyCount "62"]
[EventDate "2003.02.22"]
[Source "Roberto Alvarez"]
[SourceDate "2003.03.03"]

1. d4 d5 2. c4 dxc4 3. Nf3 Nf6 4. e3 a6 5. Bxc4 b5 6. Bb3 Bb7 7. O-O e6 8. a4 b4 9. Nbd2 c5 10. e4 cxd4 11. e5 Nfd7 12. Nc4 Be7 13. Bg5 O-O 14. Bxe7 Qxe7 15. Bc2 Bd5 16. b3 Nc6 17. Re1 Bxc4 18. bxc4 Nc5 19. Be4 Nxe4 20. Rxe4 Rfd8 21. Qd3 Rac8 22. Nd2 Qc7 23. Rae1 h6 24. h4 Kh8 25. Qg3 d3 26. R1e3 Nd4 27. Rxd3 Nf5 28. Qf3 Rxd3 29. Qxd3 Rd8 30. Qc2 Qc6 31. f3 Qc5+ 0-1

[Event "CRO-ch 6th"]
[Site "Pula"]
[Date "1998.01.13"]
[Round "5"]
[White "Franic, Milan"]
[Black "Palac, Mladen"]
[Result "1/2-1/2"]
[WhiteElo "2430"]
[BlackElo "2545"]
[PlyCount "28"]
[EventDate "1998.01.09"]
[Source "ChessBase"]
[SourceDate "1998.06.15"]

1. d4 d5 2. Nf3 Nf6 3. c4 dxc4 4. e3 c5 5. Bxc4 a6 6. Qe2 b5 7. Bb3 Bb7 8. a4 b4 9. O-O e6 10. Rd1 Nbd7 11. Nbd2 Be7 12. a5 O-O 13. Ne5 Qc7 14. Ndc4 Rad8 1/2-1/2

[Event "V Open Parsvnath"]
[Site "Nuova Delhi IND"]
[Date "2007.01.16"]
[Round "3"]
[White "Babu, NS."]
[Black "Dreev, A."]
[Result "1/2-1/2"]
[WhiteElo "2313"]
[BlackElo "2658"]
[PlyCount "47"]
[EventDate "2007.01.15"]
[Source "www.chesslib.no"]
[SourceDate "2004.05.04"]

1. d4 d5 2. c4 dxc4 3. Nf3 c6 4. e3 Be6 5. Nc3 Nf6 6. Ne5 Nbd7 7. Nxc4 g6 8. Be2 Bg7 9. O-O O-O 10. a4 a5 11. b3 Nd5 12. Nxd5 Bxd5 13. Bb2 Re8 14. Bf3 Nf6 15. Bxd5 Nxd5 16. Qd2 Qc7 17. Rac1 Red8 18. Rfd1 e6 19. e4 Nb4 20. e5 Bf8 21. Qg5 Nd5 22. Rd3 Qe7 23. Qg4 Ra6 24. Re1 1/2-1/2

[Event "Zenica"]
[Site "Zenica BIH"]
[Date "1987.??.??"]
[Round "?"]
[White "Lalic, Bogdan"]
[Black "Garcia Palermo, Carlos H"]
[Result "1/2-1/2"]
[WhiteElo "2440"]
[BlackElo "2530"]
[PlyCount "57"]
[EventDate "1987.04.??"]
[Source "www.chesslib.no"]
[SourceDate "2004.05.04"]

1. d4 d5 2. c4 dxc4 3. Nf3 Nf6 4. e3 a6 5. Bxc4 b5 6. Bd3 e6 7. a4 bxa4 8. O-O c5 9. Bc2 Be7 10. Bxa4+ Bd7 11. Ne5 O-O 12. Qf3 Ra7 13. Nxd7 Nbxd7 14. Rd1 cxd4 15. exd4 Nb6 16. Bb5 a5 17. Nc3 Nbd5 18. Nxd5 Nxd5 19. Bc6 Bb4 20. g3 h6 21. Bxd5 Qxd5 22. Qxd5 exd5 23. Bd2 Rb8 24. Ra4 Bxd2 25. Rxd2 Kf8 26. Rc2 Ke7 27. Rc5 Ke6 28. Raxa5 Rxa5 29. Rxa5 1/2-1/2

[Event "Clarin GP f"]
[Site "Villa Gisell"]
[Date "1998.03.08"]
[Round "2"]
[White "Soppe, Guillermo"]
[Black "Slipak, Sergio"]
[Result "1/2-1/2"]
[WhiteElo "2455"]
[BlackElo "2510"]
[PlyCount "150"]
[EventDate "1998.03.07"]
[Source "ChessBase"]
[SourceDate "1998.06.15"]

1. d4 d5 2. Nf3 Nf6 3. c4 dxc4 4. e3 a6 5. Bxc4 b5 6. Bd3 Bb7 7. a4 b4 8. O-O e6 9. Qe2 Nbd7 10. Nbd2 c5 11. Nc4 cxd4 12. exd4 Be7 13. a5 O-O 14. Bf4 Nd5 15. Bg3 N7f6 16. Nfd2 g6 17. Ne3 Nh5 18. Nxd5 Qxd5 19. Be4 Nxg3 20. hxg3 Qd7 21. Nb3 Rac8 22. Rfc1 Bxe4 23. Qxe4 Rxc1+ 24. Rxc1 Rc8 25. Rd1 Bf6 26. Qd3 Rc6 27. Rd2 Qd5 28. Qf3 Qxf3 29. gxf3 Kf8 30. Kf1 Ke7 31. Ke2 Kd6 32. Nc5 Kd5 33. Nd3 Rc4 34. b3 Rxd4 35. Nxb4+ Kc5 36. Nxa6+ Kb5 37. Nc7+ Kxa5 38. Rxd4 Bxd4 39. Ne8 Kb4 40. Nd6 f5 41. Nf7 Bf6 42. f4 Kxb3 43. Nd6 Bd8 44. Nf7 Be7 45. Ne5 Kc3 46. Ke3 Bc5+ 47. Ke2 Kd4 48. Nf3+ Kd5 49. Ng5 h6 50. Nf3 Be7 51. Nh2 Bf6 52. Kd3 Bd4 53. Ke2 Ke4 54. Nf3 Bf6 55. Nd2+ Kd5 56. Nf1 h5 57. Ne3+ Kd4 58. Nc2+ Ke4 59. f3+ Kd5 60. Ne3+ Kd4 61. Nc2+ Kc3 62. Na3 Bd8 63. Nb1+ Kd4 64. Nd2 Be7 65. Nb3+ Kd5 66. Nc1 Bd6 67. Ke3 Kc4 68. Nd3 Bc5+ 69. Ke2 Bd4 70. Ne1 Bf6 71. Nd3 Kd4 72. Kd2 Kc4 73. Ke3 Bd4+ 74. Ke2 Kc3 75. Ne1 Bg1 1/2-1/2

[Event "Moscow ol (Men)"]
[Site "Moscow"]
[Date "1994.??.??"]
[Round "12"]
[White "Campos Moreno, Javier B"]
[Black "Adianto, Utut"]
[Result "0-1"]
[WhiteElo "2445"]
[BlackElo "2520"]
[PlyCount "72"]
[EventDate "1994.11.??"]
[Source "ChessBase"]

1. d4 d5 2. c4 dxc4 3. Nf3 Nf6 4. e3 a6 5. Bxc4 b5 6. Bb3 Bb7 7. O-O e6 8. a4 Nbd7 9. Qe2 c5 10. axb5 axb5 11. Rxa8 Qxa8 12. Nc3 b4 13. Nb5 Qb8 14. e4 cxd4 15. Nbxd4 Bd6 16. Bxe6 fxe6 17. Nxe6 g6 18. Bh6 Ke7 19. Neg5 Rc8 20. Bg7 Rc5 21. Qd3 Bxh2+ 22. Nxh2 Rxg5 23. Re1 Kf7 24. Nf3 Rxg2+ 25. Kxg2 Kxg7 26. Nd2 Nc5 27. Qd4 Ne6 28. Qxb4 Nf4+ 29. Kf3 N4d5 30. Qd4 Ne7 31. Ke2 Nc6 32. Qb6 Nd7 33. Qe3 Ba6+ 34. Kf3 Qh2 35. Qc3+ Nde5+ 36. Ke3 Qh6+ 0-1

[Event "Cataluna-chT"]
[Site "ESP"]
[Date "1999.??.??"]
[Round "9"]
[White "Oms Pallise, Josep"]
[Black "Narciso Dublan, Marc"]
[Result "1-0"]
[WhiteElo "2460"]
[BlackElo "2500"]
[PlyCount "83"]
[EventDate "1999.??.??"]
[Source "www.chesslib.no"]
[SourceDate "2004.05.04"]

1. d4 d5 2. Nf3 Nf6 3. c4 dxc4 4. e3 a6 5. Bxc4 b5 6. Be2 Bb7 7. O-O e6 8. Nbd2 Nbd7 9. Nb3 c5 10. Bd2 c4 11. Ba5 Qb8 12. Nbd2 Bd6 13. b3 cxb3 14. Qxb3 O-O 15. a4 bxa4 16. Qxa4 e5 17. dxe5 Nxe5 18. Rab1 Ned7 19. Rfd1 Be7 20. Nd4 Nc5 21. Qa3 Qc8 22. Rbc1 Qd7 23. Bb4 Rac8 24. Bxc5 Qd5 25. Bf3 Bxc5 26. Qa5 Qe5 27. Bxb7 Bxd4 28. Qxe5 Rxc1 29. exd4 Rxd1+ 30. Nf1 Re8 31. Qc5 a5 32. g3 a4 33. Kg2 Rd8 34. Ne3 R1xd4 35. Nf5 R4d7 36. Bc6 Rd2 37. Qe7 h6 38. Bxa4 Ng4 39. Be8 Rxf2+ 40. Kh3 Rxh2+ 41. Kxg4 h5+ 42. Kg5 1-0

[Event "Masters"]
[Site "Abu Dhabi"]
[Date "2004.08.23"]
[Round "9"]
[White "Vakhidov, Tahir"]
[Black "Hakki, Imad"]
[Result "1-0"]
[WhiteElo "2504"]
[BlackElo "2451"]
[PlyCount "51"]
[EventDate "2004.08.14"]
[Source "Roberto Alvarez"]
[SourceDate "2004.08.30"]

1. Nf3 d5 2. d4 Nf6 3. c4 dxc4 4. e3 a6 5. Bxc4 b5 6. Bd3 Bb7 7. O-O e6 8. Qe2 Nbd7 9. a4 c5 10. axb5 axb5 11. Rxa8 Qxa8 12. Bxb5 cxd4 13. Rd1 Bxf3 14. Qxf3 Qxf3 15. gxf3 Bd6 16. Rxd4 Ke7 17. Nc3 Rb8 18. Rd1 Be5 19. Be2 Nc5 20. Nb5 Nd5 21. f4 Bf6 22. Nd4 Kf8 23. b3 Nxb3 24. Ba3+ Kg8 25. f5 Na5 26. Bf1 1-0

[Event "Biel Open"]
[Site "Biel SUI"]
[Date "1994.??.??"]
[Round "2"]
[White "Maric, Alisa"]
[Black "Adianto, Utut"]
[Result "1-0"]
[WhiteElo "2415"]
[BlackElo "2535"]
[PlyCount "75"]
[EventDate "1994.07.??"]
[Source "www.chesslib.no"]
[SourceDate "2004.05.04"]

1. d4 d5 2. Nf3 Nf6 3. c4 dxc4 4. e3 a6 5. Bxc4 b5 6. Bd3 Bb7 7. O-O e6 8. a3 Nbd7 9. b4 Bd6 10. Bb2 O-O 11. Nbd2 Re8 12. e4 e5 13. d5 Nf8 14. Nb3 Ng6 15. Na5 Bc8 16. Nc6 Qd7 17. Re1 Qg4 18. h3 Qh5 19. Bc1 Bd7 20. Bf1 Bxc6 21. dxc6 Nf4 22. Bxf4 exf4 23. e5 Bxe5 24. Nxe5 Rxe5 25. Qxh5 Rxh5 26. a4 bxa4 27. Rxa4 g6 28. Rxa6 Rb8 29. Ra7 Rxb4 30. Rxc7 Rc5 31. Rb7 Rd4 32. c7 Kg7 33. Re7 g5 34. Rxf7+ Kg6 35. Rf8 Rd1 36. c8=Q Rxc8 37. Rxc8 Ne4 38. Rc6+ 1-0

[Event "Bydgoszcz Bank Pocztowy op"]
[Site "Bydgoszcz"]
[Date "2000.05.31"]
[Round "4"]
[White "Lerner, Konstantin Z"]
[Black "Starostits, Ilmars"]
[Result "1-0"]
[WhiteElo "2575"]
[BlackElo "2374"]
[PlyCount "87"]
[EventDate "2000.05.28"]
[Source "ChessBase"]
[SourceDate "2000.07.11"]

1. d4 d5 2. c4 c6 3. Nf3 dxc4 4. e3 Be6 5. Nc3 Nf6 6. Ng5 Bd5 7. e4 h6 8. exd5 hxg5 9. dxc6 Nxc6 10. d5 Ne5 11. Bxg5 Qc7 12. Qd4 O-O-O 13. O-O-O a6 14. Bf4 Nfd7 15. Kb1 f6 16. Be2 g5 17. Bg3 f5 18. f4 gxf4 19. Qxf4 Bg7 20. Qxf5 Qb6 21. Qe6 Qb4 22. d6 Rh6 23. Nd5 Rxe6 24. Nxb4 exd6 25. Rc1 b5 26. b3 Nc5 27. bxc4 bxc4 28. Bxc4 Nxc4 29. Rxc4 Kd7 30. Rd1 Ne4 31. Be1 Rh8 32. Kc2 a5 33. Nd3 Rh5 34. a4 Rg5 35. Nf4 Re8 36. Rd5 Rg4 37. Rf5 Nf6 38. Bxa5 d5 39. Rc7+ Kd6 40. Rxg7 Rxg7 41. Bb4+ Kd7 42. Rxf6 Re4 43. Kc3 Kc8 44. a5 1-0

[Event "Czerniak mem 14th"]
[Site "Tel Aviv"]
[Date "1998.04.11"]
[Round "3"]
[White "Gofshtein, Leonid D"]
[Black "Rabinovich, Alexander"]
[Result "0-1"]
[WhiteElo "2520"]
[BlackElo "2425"]
[PlyCount "78"]
[EventDate "1998.04.09"]
[Source "ChessBase"]
[SourceDate "1998.08.06"]

1. d4 d5 2. c4 dxc4 3. Nf3 Nf6 4. e3 b5 5. a4 b4 6. Bxc4 e6 7. Nbd2 Bb7 8. O-O Be7 9. Qe2 O-O 10. e4 c5 11. dxc5 Nbd7 12. e5 Nd5 13. Nb3 Nxc5 14. Nxc5 Bxc5 15. Ng5 Be7 16. Qg4 Rc8 17. b3 Rxc4 18. bxc4 Nc3 19. Nf3 Be4 20. Re1 Ne2+ 21. Rxe2 Bxf3 22. gxf3 Qd1+ 23. Kg2 Qxe2 24. Be3 Rc8 25. Qd4 Rxc4 26. Qxa7 Bf8 27. Qb6 Qc2 28. Qd8 b3 29. Qd1 Qxd1 30. Rxd1 Rxa4 31. Rd8 Rc4 32. Bd4 g6 33. Bb2 Kg7 34. Rd3 Rb4 35. Kg3 g5 36. Rd8 Bc5 37. Rd3 Kg6 38. h3 Rb7 39. Kg2 Kf5 0-1

[Event "New York op"]
[Site "New York"]
[Date "1994.??.??"]
[Round "4"]
[White "Vucic, Mladen"]
[Black "Adianto, Utut"]
[Result "1-0"]
[WhiteElo "2405"]
[BlackElo "2535"]
[PlyCount "79"]
[EventDate "1994.03.??"]
[Source "ChessBase"]

1. d4 d5 2. Nf3 Nf6 3. c4 dxc4 4. e3 a6 5. Bxc4 b5 6. Bb3 Bb7 7. a4 b4 8. O-O e6 9. Nbd2 c5 10. Qe2 Be7 11. Rd1 O-O 12. Nc4 Qc7 13. a5 Nbd7 14. Bd2 Ne4 15. Be1 cxd4 16. exd4 Rac8 17. Ne3 Qf4 18. Bc4 Nb8 19. d5 Bd6 20. g3 Qh6 21. Ng4 Qh5 22. Qxe4 Rfe8 23. Ne3 f5 24. Qh4 Qxf3 25. Bf1 Be7 26. Qh3 Bc5 27. Bg2 Qe2 28. Rd2 Qb5 29. Bf1 Qd7 30. dxe6 Qe7 31. Qxf5 Rf8 32. Qg4 Bxe3 33. fxe3 Bf3 34. Qh3 Rc5 35. Rd4 Nc6 36. Bd3 h6 37. Rf4 Ne5 38. Bf5 Ba8 39. Bxb4 g5 40. Qxh6 1-0

[Event "Lloyds Bank Open"]
[Site "London ENG"]
[Date "1994.??.??"]
[Round "2"]
[White "Parker, Jonathan"]
[Black "Adianto, Utut"]
[Result "0-1"]
[WhiteElo "2400"]
[BlackElo "2535"]
[PlyCount "134"]
[EventDate "1994.08.??"]
[Source "www.chesslib.no"]
[SourceDate "2004.05.04"]

1. d4 d5 2. c4 dxc4 3. Nf3 Nf6 4. e3 a6 5. Bxc4 b5 6. Bd3 Bb7 7. Qe2 e6 8. O-O Nbd7 9. e4 c5 10. d5 c4 11. Bc2 Qc7 12. dxe6 fxe6 13. e5 Nd5 14. Bg5 Nc5 15. Nc3 Nb4 16. Be4 Nxe4 17. Nxe4 Nd3 18. Rfe1 Nxe1 19. Rxe1 Bd5 20. Nd4 Qf7 21. Qg4 h6 22. Bh4 h5 23. Qg3 Rh6 24. Bg5 h4 25. Qe3 Rg6 26. Nd6+ Bxd6 27. exd6 Kf8 28. f4 Kg8 29. Nf3 Bxf3 30. Qxf3 Ra7 31. Qc6 Qd7 32. Qe4 Kh7 33. Rd1 Qf7 34. Bxh4 Rd7 35. Bg5 Qf5 36. Qxf5 exf5 37. Be7 Re6 38. Kf2 Kg6 39. Rd5 Re4 40. g3 c3 41. bxc3 Rc4 42. Rd3 Kf7 43. Ke2 Re4+ 44. Re3 Ra4 45. Kd3 Rxa2 46. Kd4 Rxh2 47. Kc5 Rd2 48. Kc6 Ra7 49. Kb6 Ra8 50. Kb7 Re8 51. Re5 g6 52. Kxa6 Rc8 53. Rxb5 Rxc3 54. Kb7 Ke6 55. Bh4 Kd7 56. g4 Rdd3 57. gxf5 Rb3 58. Ka6 Rxd6+ 59. Ka5 Rxb5+ 60. Kxb5 gxf5 61. Kc5 Ke6 62. Bf2 Rd1 63. Kc4 Kf7 64. Bd4 Kg6 65. Kd5 Kh5 66. Ke5 Kg4 67. Bf2 Rd8 0-1

[Event "Madrid catVII"]
[Site "Madrid"]
[Date "1997.??.??"]
[Round "8"]
[White "Borges, J."]
[Black "Stefanova, A."]
[Result "1-0"]
[WhiteElo "2480"]
[BlackElo "2450"]
[PlyCount "99"]
[EventDate "1997.??.??"]
[Source "www.chesslib.no"]
[SourceDate "2004.05.04"]

1. d4 d5 2. c4 c6 3. Nf3 dxc4 4. e3 Be6 5. Nc3 Nf6 6. Ng5 Qd7 7. e4 b5 8. f3 Na6 9. b3 Nb4 10. Nxe6 Qxe6 11. bxc4 bxc4 12. Qa4 Nfd5 13. Nxd5 Nxd5 14. Bxc4 Nb6 15. Bxe6 Nxa4 16. Bb3 Nb6 17. Ke2 e6 18. a4 c5 19. a5 Nd7 20. Ba4 cxd4 21. Rb1 Kd8 22. Bxd7 Kxd7 23. Rb7+ Kc6 24. Rxf7 Bd6 25. Bd2 Rhf8 26. Rc1+ Kb5 27. Rb7+ Ka6 28. Rxg7 Rac8 29. Rxc8 Rxc8 30. Rxh7 Rc2 31. Kd3 Ra2 32. e5 Bxe5 33. Re7 Bxh2 34. Rxe6+ Kb7 35. Re7+ Ka6 36. g4 Bg1 37. g5 Ra3+ 38. Ke4 Ra2 39. Kd3 Ra3+ 40. Ke2 Ra2 41. g6 Be3 42. Rxe3 dxe3 43. Kxe3 Ra1 44. f4 Rg1 45. f5 Kb5 46. Kf2 Rg4 47. Kf3 Rg1 48. Be3 Rd1 49. g7 Rd8 50. f6 1-0

[Event "Testa GM"]
[Site "Griesheim"]
[Date "2004.01.25"]
[Round "6"]
[White "Prusikhin, Mihailo"]
[Black "Grabarczyk, Bogdan"]
[Result "1-0"]
[WhiteElo "2519"]
[BlackElo "2402"]
[PlyCount "41"]
[EventDate "2004.01.20"]
[Source "Roberto Alvarez"]
[SourceDate "2004.02.09"]

1. d4 d5 2. c4 dxc4 3. Nf3 Nf6 4. e3 a6 5. Bxc4 b5 6. Be2 Bb7 7. O-O Nbd7 8. a4 b4 9. Nbd2 c5 10. Nc4 e6 11. Nfe5 cxd4 12. Qxd4 Nc5 13. Qxd8+ Rxd8 14. Na5 Be4 15. f3 Bc2 16. e4 Nxa4 17. Be3 Bc5 18. Kf2 Bxe3+ 19. Kxe3 Rc8 20. Rfc1 Nxb2 21. Kd2 1-0

[Event "European Club Cup 2002"]
[Site "?"]
[Date "2002.09.24"]
[Round "3"]
[White "Gustafsson Jan"]
[Black "Filipek Jakub"]
[Result "1-0"]
[WhiteElo "2542"]
[BlackElo "2373"]
[PlyCount "85"]
[EventDate "2002.??.??"]
[Source "www.chesslib.no"]
[SourceDate "2004.05.04"]

1. d4 d5 2. c4 dxc4 3. Nf3 Nf6 4. e3 a6 5. Bxc4 b5 6. Bd3 Bb7 7. O-O e6 8. Qe2 Be7 9. Rd1 Nbd7 10. a4 c6 11. e4 Qc7 12. Bg5 h6 13. Bh4 Nh5 14. Bxe7 Nf4 15. Qe3 Kxe7 16. Bf1 Rhd8 17. Nc3 b4 18. Na2 a5 19. Nc1 g5 20. Nb3 Nf6 21. Ne5 Nd7 22. Nxd7 Rxd7 23. Rac1 Qb6 24. d5 Qxe3 25. fxe3 Ng6 26. Nc5 cxd5 27. Nxd7 Kxd7 28. exd5 exd5 29. Bb5+ Kd6 30. Rf1 Ne5 31. Rf6+ Ke7 32. Rxh6 Rc8 33. Rxc8 Bxc8 34. Rh8 Be6 35. Kf2 Kd6 36. Ra8 Nc4 37. Bxc4 dxc4 38. Ke2 Bd5 39. Rxa5 Bxg2 40. Rxg5 Be4 41. Kd2 f5 42. Rg8 Bd5 43. Rb8 1-0

[Event "Olimpiadi 2008 - open"]
[Site "Dresda GER"]
[Date "2008.11.20"]
[Round "7"]
[White "Braun, A."]
[Black "Hussein, NA."]
[Result "1/2-1/2"]
[WhiteElo "2567"]
[BlackElo "2338"]
[PlyCount "91"]
[EventDate "2008.11.13"]
[Source "www.chesslib.no"]
[SourceDate "2004.05.04"]

1. d4 d5 2. c4 dxc4 3. Nf3 Nf6 4. e3 a6 5. Bxc4 c5 6. O-O Nc6 7. dxc5 Qxd1 8. Rxd1 e6 9. Nd4 Ne5 10. Be2 Bxc5 11. b3 Bd7 12. Bb2 Nc6 13. Bf3 Rc8 14. Nd2 Bxd4 15. exd4 b5 16. d5 exd5 17. Bxf6 gxf6 18. Bxd5 Nb4 19. Bf3 Ke7 20. Ne4 Be6 21. h4 h6 22. Kf1 f5 23. Ng3 Rhd8 24. Nh5 Rxd1+ 25. Bxd1 Nd3 26. Ng7 Kf6 27. Nxe6 fxe6 28. Be2 Nc1 29. Bd1 Ke5 30. b4 Nd3 31. a4 Rc1 32. Rxc1 Nxc1 33. axb5 axb5 34. Bh5 Na2 35. g3 Kd5 36. Be8 Nc3 37. f3 e5 38. g4 fxg4 39. fxg4 Ke4 40. Bd7 Kd4 41. Bc6 e4 42. g5 hxg5 43. hxg5 Ke5 44. Kf2 Na2 45. Bxb5 Nxb4 46. g6 1/2-1/2

[Event "Cetinje"]
[Site "Cetinje"]
[Date "1996.??.??"]
[Round "?"]
[White "Tregubov, Pavel V"]
[Black "Kirov, Nino"]
[Result "1/2-1/2"]
[WhiteElo "2470"]
[BlackElo "2435"]
[PlyCount "44"]
[EventDate "1996.??.??"]
[Source "www.chesslib.no"]
[SourceDate "2004.05.04"]

1. d4 d5 2. c4 c6 3. Nf3 Nf6 4. Nc3 dxc4 5. e3 Be6 6. Ng5 Bd5 7. e4 h6 8. exd5 hxg5 9. dxc6 Nxc6 10. Bxg5 Qxd4 11. Qxd4 Nxd4 12. O-O-O Nc6 13. Bxc4 e6 14. h3 a6 15. Be3 Rc8 16. Be2 Nb4 17. Kb1 Bc5 18. Bg5 Nbd5 19. Nxd5 Nxd5 20. Bf3 Bxf2 21. Bxd5 exd5 22. Rxd5 f6 1/2-1/2

[Event "Memorial K.Tsiolkovsky (open)"]
[Site "Kaluga (Russia)"]
[Date "2007.08.11"]
[Round "8"]
[White "Nachev Stanislav (RUS)"]
[Black "Dvalishvili Pavel S (RUS)"]
[Result "1/2-1/2"]
[WhiteElo "2424"]
[BlackElo "2472"]
[PlyCount "24"]
[EventDate "2007.??.??"]
[Source "www.chesslib.no"]
[SourceDate "2004.05.04"]

1. d4 d5 2. c4 dxc4 3. Nf3 Nf6 4. e3 a6 5. Bxc4 b5 6. Bd3 Bb7 7. O-O e6 8. Qe2 c5 9. dxc5 Nc6 10. a3 Bxc5 11. b4 Be7 12. Bb2 O-O 1/2-1/2

[Event "ISR-chT"]
[Site "Israel"]
[Date "2002.01.19"]
[Round "2"]
[White "Golod, Vitali"]
[Black "Klenburg, Mikhail"]
[Result "1-0"]
[WhiteElo "2516"]
[BlackElo "2379"]
[PlyCount "93"]
[EventDate "2002.01.10"]
[Source "ChessBase"]
[SourceDate "2002.03.21"]

1. d4 d5 2. c4 dxc4 3. Nf3 Nf6 4. e3 b5 5. a4 b4 6. Bxc4 e6 7. O-O Be7 8. Qe2 Bb7 9. Nbd2 O-O 10. b3 Nbd7 11. Bb2 c5 12. Rfd1 Qa5 13. Ne5 Rfd8 14. Ndf3 Nxe5 15. Nxe5 cxd4 16. Rxd4 Rxd4 17. Bxd4 Bd6 18. f4 Bd5 19. Rd1 Bf8 20. Bxd5 Qxd5 21. Qc2 Qb7 22. Qc6 Qxc6 23. Nxc6 a6 24. Rc1 Ne4 25. Rc2 f6 26. Kf1 Kf7 27. Ke2 Rc8 28. Ne5+ fxe5 29. Rxc8 exd4 30. exd4 Nc3+ 31. Kd3 Nd5 32. g3 Be7 33. a5 Bd6 34. Rc6 Ke7 35. Rxa6 Kd7 36. Ra8 Kc6 37. Rg8 g6 38. Rg7 Kb5 39. Rxh7 Kxa5 40. Rh6 Ne7 41. h4 Kb6 42. h5 gxh5 43. Rxe6 Kc6 44. Ke4 Kd7 45. Rh6 Ng8 46. Rg6 Ne7 47. Rg5 1-0

[Event "Dieren op"]
[Site "Dieren"]
[Date "1998.??.??"]
[Round "3"]
[White "Neverov, Valeriy"]
[Black "Maryasin, Boris"]
[Result "1/2-1/2"]
[WhiteElo "2540"]
[BlackElo "2350"]
[PlyCount "87"]
[EventDate "1998.08.??"]
[Source "www.chesslib.no"]
[SourceDate "2004.05.04"]

1. d4 d5 2. c4 dxc4 3. Nf3 Nf6 4. e3 b5 5. a4 b4 6. Bxc4 e6 7. O-O Bb7 8. Nbd2 Be7 9. a5 a6 10. Qa4+ Qd7 11. Qc2 c5 12. dxc5 Qc7 13. Qa4+ Nc6 14. Nb3 O-O 15. Bd2 Rab8 16. Rfc1 e5 17. Be2 Rfd8 18. Be1 e4 19. Nfd4 Rd5 20. Bxb4 Rg5 21. Bc3 Ne5 22. Nd2 Neg4 23. Nf1 Rxc5 24. h3 Ne5 25. Nf5 Bf8 26. Qd1 Rd5 27. Nd4 Qd6 28. Ng3 g6 29. b4 h5 30. Rab1 h4 31. Nf1 Bc8 32. Nh2 Bd7 33. Qf1 Bc8 34. b5 axb5 35. Nxb5 Qe7 36. Nd4 Rxb1 37. Rxb1 Qc7 38. Qe1 Nd3 39. Bxd3 exd3 40. e4 d2 41. Qe3 Nxe4 42. Bxd2 Nxd2 43. Qxd2 Qxa5 44. Qxa5 1/2-1/2

[Event "Olomouc Inline Cup"]
[Site "Olomouc"]
[Date "2001.08.05"]
[Round "6"]
[White "Kasparov, Sergey"]
[Black "Maryasin, Boris"]
[Result "1/2-1/2"]
[WhiteElo "2494"]
[BlackElo "2394"]
[PlyCount "23"]
[EventDate "2001.08.02"]
[Source "ChessBase"]
[SourceDate "2001.09.11"]

1. d4 d5 2. c4 dxc4 3. Nf3 Nf6 4. e3 b5 5. a4 b4 6. Bxc4 e6 7. O-O Nbd7 8. Nbd2 Bb7 9. Qe2 Be7 10. a5 Rc8 11. b3 O-O 12. Bb2 1/2-1/2

[Event "It (Open) Figueira Da Foz POR"]
[Site "?"]
[Date "2005.11.03"]
[Round "7"]
[White "Pogorelov Ruslan"]
[Black "Velicka Petr"]
[Result "1/2-1/2"]
[WhiteElo "2442"]
[BlackElo "2441"]
[PlyCount "90"]
[EventDate "2005.??.??"]
[Source "www.chesslib.no"]
[SourceDate "2004.05.04"]

1. Nf3 d5 2. d4 Nf6 3. c4 dxc4 4. e3 c5 5. Bxc4 a6 6. O-O b5 7. Bd3 cxd4 8. exd4 e6 9. a4 b4 10. Bg5 Be7 11. Nbd2 Bb7 12. Nc4 O-O 13. Re1 Nc6 14. Bxf6 Bxf6 15. Be4 Na5 16. Bxb7 Nxb7 17. a5 Rc8 18. Qe2 Rc6 19. Red1 Qe7 20. b3 Rd8 21. Nfe5 Bxe5 22. Nxe5 Rcd6 23. Qc4 Qe8 24. Qxb4 f6 25. Nc4 Rc6 26. Ne3 Qd7 27. h3 Rd6 28. Rac1 Rc8 29. Rxc8+ Qxc8 30. Nc4 Rc6 31. d5 exd5 32. Rxd5 Qe6 33. Qd2 h6 34. Rd7 Nc5 35. Rd8+ Kh7 36. Qc2+ f5 37. Rf8 Nxb3 38. Qxb3 Rxc4 39. Qb8 Re4 40. Rh8+ Kg6 41. Qb6 Qxb6 42. axb6 Rb4 43. Rb8 a5 44. b7 a4 45. Ra8 Rxb7 1/2-1/2

[Event "TCh-AUT 2003-4"]
[Site "Jenbach"]
[Date "2004.??.??"]
[Round "10.6"]
[White "Stangl, Markus"]
[Black "Steflitsch, Erich"]
[Result "1/2-1/2"]
[WhiteElo "2493"]
[BlackElo "2388"]
[PlyCount "50"]
[EventDate "2004.01.01"]
[Source "Roberto Alvarez"]
[SourceDate "2004.03.22"]

1. Nf3 d5 2. d4 Nf6 3. c4 dxc4 4. e3 a6 5. Bxc4 b5 6. Be2 Bb7 7. O-O Nbd7 8. a4 b4 9. Nbd2 e6 10. b3 Be7 11. Bb2 O-O 12. Rc1 Rc8 13. Rc4 a5 14. Rc2 Ne4 15. Nxe4 Bxe4 16. Bd3 Bd5 17. Bc4 Bxc4 18. Rxc4 c5 19. dxc5 Nxc5 20. Bd4 Ne4 21. Qc2 Rxc4 22. Qxc4 Qa8 23. Rc1 Bf6 24. Bxf6 gxf6 25. Rd1 Rc8 1/2-1/2

[Event "Viedma ARG"]
[Site "?"]
[Date "2002.08.24"]
[Round "5"]
[White "Tempone Marcelo Javier"]
[Black "Garcia Palermo Carlos"]
[Result "0-1"]
[WhiteElo "2437"]
[BlackElo "2443"]
[PlyCount "68"]
[EventDate "2002.??.??"]
[Source "www.chesslib.no"]
[SourceDate "2004.05.04"]

1. d4 d5 2. c4 dxc4 3. Nf3 Nf6 4. e3 a6 5. Bxc4 b5 6. Bd3 Bb7 7. O-O e6 8. Qe2 Nbd7 9. Rd1 c5 10. dxc5 Bxc5 11. b3 e5 12. Bf5 Qe7 13. Bb2 O-O 14. Bxd7 Nxd7 15. Nc3 e4 16. Nd4 Ne5 17. Nf5 Qe6 18. Ng3 f5 19. Rab1 Nd3 20. Ba1 Nxf2 21. Qxf2 f4 22. Kh1 fxg3 23. Qxg3 Rf7 24. Ne2 Raf8 25. Nf4 Qf5 26. Nh3 h6 27. Bd4 Be7 28. Rg1 g5 29. Rb2 Kh7 30. Rf2 Qe6 31. Rxf7+ Rxf7 32. Rc1 Bd6 33. Qxg5 Qxh3 34. Qd8 Qxh2# 0-1

[Event "Hafnarfirdi"]
[Site "Hafnarfirdi"]
[Date "1992.??.??"]
[Round "7"]
[White "Stefansson, Hannes"]
[Black "Thorhallsson, Throstur"]
[Result "1-0"]
[WhiteElo "2455"]
[BlackElo "2425"]
[PlyCount "81"]
[EventDate "1992.03.??"]
[Source "ChessBase"]

1. d4 d5 2. c4 dxc4 3. Nf3 Nf6 4. e3 a6 5. Bxc4 b5 6. Bd3 Bb7 7. a4 b4 8. O-O e6 9. Qe2 Nc6 10. Nbd2 Be7 11. Nb3 Qd5 12. e4 Qh5 13. Bf4 Bd6 14. Bg3 Bxg3 15. hxg3 O-O 16. Rac1 Ng4 17. Rc5 f5 18. Rfc1 Rf6 19. exf5 e5 20. dxe5 Ncxe5 21. Rxe5 Bxf3 22. Qxf3 Raf8 23. Re6 Qh2+ 24. Kf1 Rxe6 25. Be4 Ne5 26. Qe3 Re7 27. f4 Qh1+ 28. Ke2 Qh5+ 29. Kd2 Nf7 30. Nc5 Ne5 31. fxe5 Rxe5 32. Nd3 Rd8 33. Rxc7 Qg4 34. Rc4 Kh8 35. Qf4 Qxf4+ 36. gxf4 Re7 37. Rxb4 a5 38. Rc4 Rb8 39. Kc3 Rd7 40. Rc5 Ra7 41. g4 1-0

[Event "Olimpiadi 2008 - open"]
[Site "Dresda GER"]
[Date "2008.11.21"]
[Round "8"]
[White "Prusikin, M."]
[Black "Hussein, NA."]
[Result "1-0"]
[WhiteElo "2538"]
[BlackElo "2338"]
[PlyCount "81"]
[EventDate "2008.11.13"]
[Source "www.chesslib.no"]
[SourceDate "2004.05.04"]

1. d4 d5 2. Nf3 Nf6 3. c4 dxc4 4. e3 a6 5. Bxc4 c5 6. O-O b5 7. Be2 e6 8. dxc5 Bxc5 9. Qxd8+ Kxd8 10. Nbd2 Nc6 11. b3 Bd7 12. Bb2 Ke7 13. Rfc1 Bd6 14. a4 Rab8 15. axb5 axb5 16. Ng5 Rhc8 17. Nde4 Bb4 18. Nc5 h6 19. Nf3 Na5 20. Nxd7 Rxc1+ 21. Rxc1 Nxd7 22. Bxg7 Ba3 23. Rc7 Bd6 24. Ra7 Nxb3 25. Ne5 Bxe5 26. Bxe5 Rb6 27. g4 b4 28. Bc7 Rc6 29. Kg2 Rc5 30. Bb6 Rc6 31. Bc7 Rc5 32. Bd1 Nd2 33. Ba5 b3 34. Bb4 Kd6 35. Rxd7+ Kxd7 36. Bxc5 b2 37. Bc2 b1=Q 38. Bxb1 Nxb1 39. Bb4 Kc6 40. h4 Kd5 41. h5 1-0